[Event "Turkish Cup 2022"]
[Site "Sakarya"]
[Date "2022.03.26"]
[Round "2.45"]
[White "Isik, Kadri"]
[Black "Dolek, Gokalp Deniz"]
[Result "0-1"]
[WhiteElo "1858"]
[BlackElo "1520"]
[Annotator "NA"]
[PlyCount "112"]
[EventDate "2022.03.25"]
[EventType "swiss"]
[EventCountry "TUR"]
[SourceTitle "playchess.com"]
[Source "ChessBase"]
[SourceQuality "1"]
[TimeControl "5400+30"]

1. e4 {[%emt 0:02:00]} e6 {[%emt 0:01:00]} 2. d4 {[%emt 0:00:30]} d5 {[%emt 0:00:30]} 3. Nc3 {[%emt 0:00:30]} Bb4 {[%emt 0:00:30]} 4. Nge2 {[%emt 0:00:00]} dxe4 {[%emt 0:00:30]} 5. a3 {[%emt 0:00:00]} Be7 {[%emt 0:00:30]} 6. Nxe4 {[%emt 0:00:00]} Nd7 {[%emt 0:02:30]} 7. Be3 {[%emt 0:03:00]} Ngf6 {[%emt 0:00:30]} 8. N2g3 {[%emt 0:02:30]} O-O {[%emt 0:10:30]} 9. Bc4 {[%emt 0:12:30]} a6 {[%emt 0:11:30]} 10. O-O {[%emt 0:31:30]} b5 {[%emt 0:00:30]} 11. Bb3 {[%emt 0:02:30]} Bb7 {[%emt 0:02:30]} 12. Nxf6+ {[%emt 0:07:30]} Nxf6 {[%emt 0:02:30]} 13. Nh5 {[%emt 0:02:30]} Bd5 $11 {[%emt 0:01:30]} 14. Nf4 {[%emt 0:05:30]} Bxb3 {[%emt 0:01:30]} 15. cxb3 {[%emt 0:00:00]} Nd5 {[%emt 0:00:30]} 16. Nd3 {[%emt 0:00:00]} Bd6 {[%emt 0:03:30]} 17. Qh5 {[%emt 0:02:30]} Qf6 {[%emt 0:01:30]} 18. Rac1 {[%emt 0:01:30]} h6 {[%emt 0:05:30]} 19. Ne5 {[%emt 0:01:30]} Rfd8 {[%emt 0:05:30]} 20. b4 {[%emt 0:01:30]} Ne7 {[%emt 0:09:30]} 21. h3 {[%emt 0:09:12]} Nf5 {[%emt 0:05:30]} 22. Nc6 {[%emt 0:07:30]} Rd7 {[%emt 0:01:30]} 23. Qf3 {[%emt 0:02:07]} Re8 {[%emt 0:01:30]} 24. g4 {[%emt 0:00:56]} Qg6 {[%emt 0:01:30]} 25. Qe4 {[%emt 0:01:38]} Nh4 {[%emt 0:09:30]} 26. Qxg6 {[%emt 0:00:30]} Nxg6 {[%emt 0:00:30]} 27. f4 {[%emt 0:00:00]} Kf8 {[%emt 0:01:30]} 28. Ne5 {[%emt 0:00:32]} Bxe5 {[%emt 0:00:44]} 29. dxe5 {[%emt 0:00:10]} Rd3 {[%emt 0:00:19]} 30. Kf2 {[%emt 0:00:07]} Ne7 {[%emt 0:00:41]} 31. Ke2 {[%emt 0:03:38]} Rb3 {[%emt 0:00:16]} 32. Rxc7 {[%emt 0:00:27]} Rxe3+ {[%emt 0:00:30]} 33. Kxe3 {[%emt 0:01:09]} Nd5+ {[%emt 0:00:30]} 34. Kd4 {[%emt 0:00:30]} Nxc7 {[%emt 0:00:30]} 35. Kc5 {[%emt 0:00:30]} Nd5 {[%emt 0:00:30]} 36. f5 {[%emt 0:00:00]} Ke7 {[%emt 0:00:00]} 37. Kc6 {[%emt 0:00:00]} Rb8 {[%emt 0:00:00]} 38. Rd1 {[%emt 0:00:23]} Rb6+ {[%emt 0:00:30]} 39. Kc5 {[%emt 0:00:30]} Rb7 {[%emt 0:00:00]} 40. f6+ {[%emt 0:02:13]} gxf6 {[%emt 0:00:00]} 41. exf6+ {[%emt 0:00:00]} Kd7 {[%emt 0:00:30]} 42. Rg1 {[%emt 0:00:57]} Nxf6 {[%emt 0:00:30]} 43. Rf1 {[%emt 0:00:28]} Ke7 {[%emt 0:01:30]} 44. Kc6 {[%emt 0:00:30]} Rd7 {[%emt 0:00:00]} 45. h4 {[%emt 0:01:02]} Nd5 {[%emt 0:00:00]} 46. Kc5 {[%emt 0:00:30]} Rc7+ {[%emt 0:00:30]} 47. Kd4 {[%emt 0:00:30]} Rc4+ {[%emt 0:00:30]} 48. Kd3 {[%emt 0:00:00]} Rxg4 {[%emt 0:00:00]} 49. h5 {[%emt 0:00:22]} f5 {[%emt 0:00:00]} 50. Rc1 {[%emt 0:00:30]} Kd7 {[%emt 0:00:00]} 51. Rc5 {[%emt 0:00:00]} Rc4 {[%emt 0:00:00]} 52. b3 {[%emt 0:00:08]} Rxc5 {[%emt 0:00:00]} 53. bxc5 {[%emt 0:00:30]} b4 {[%emt 0:00:00]} 54. axb4 {[%emt 0:00:30]} Nxb4+ {[%emt 0:00:30]} 55. Kc4 {[%emt 0:00:30]} Nc6 {[%emt 0:00:30]} 56. b4 {[%emt 0:00:30]} f4 {[%emt 0:00:00]} 0-1

[Event "Turkish Cup 2022"]
[Site "Sakarya"]
[Date "2022.03.26"]
[Round "2.46"]
[White "Once, Ahmet Asim"]
[Black "Gazioglu, Halit"]
[Result "0-1"]
[WhiteElo "1450"]
[BlackElo "1880"]
[Annotator "NA RC"]
[PlyCount "136"]
[EventDate "2022.03.25"]
[EventType "swiss"]
[EventCountry "TUR"]
[SourceTitle "playchess.com"]
[Source "ChessBase"]
[SourceQuality "1"]
[TimeControl "5400+30"]

1. d4 {[%emt 0:01:00]} d5 {[%emt 0:01:00]} 2. Nf3 {[%emt 0:00:30]} Nf6 {[%emt 0:00:30]} 3. g3 {[%emt 0:00:00]} Bf5 {[%emt 0:03:30]} 4. Bg2 {[%emt 0:01:00]} h6 {[%emt 0:00:30]} 5. O-O {[%emt 0:00:30]} Nbd7 {[%emt 0:00:30]} 6. b3 {[%emt 0:00:30]} e6 {[%emt 0:00:30]} 7. Bb2 {[%emt 0:01:30]} Be7 {[%emt 0:02:30]} 8. Nbd2 {[%emt 0:01:30]} O-O {[%emt 0:00:30]} 9. c4 {[%emt 0:02:30]} c6 {[%emt 0:00:30]} 10. Rc1 {[%emt 0:04:30]} Qa5 {[%emt 0:03:30]} 11. a3 {[%emt 0:01:30]} Rac8 {[%emt 0:03:30]} 12. b4 {[%emt 0:08:30]} Qa6 {[%emt 0:01:30]} 13. Qb3 {[%emt 0:05:30]} b5 {[%emt 0:14:30]} 14. c5 {[%emt 0:06:30]} Qb7 {[%emt 0:08:30]} 15. Ne5 {[%emt 0:10:30]} Ra8 {[%emt 0:09:30]} 16. h3 {[%emt 0:15:30]} a5 {[%emt 0:01:30]} 17. g4 {[%emt 0:02:30]} Bh7 {[%emt 0:00:30]} 18. Ra1 {[%emt 0:07:30]} Ra6 {[%emt 0:09:30]} 19. f4 {[%emt 0:04:30]} Rfa8 {[%emt 0:01:30]} 20. g5 {[%emt 0:06:58]} Nxe5 {[%emt 0:08:30]} 21. gxf6 {[%emt 0:05:45]} Nc4 {[%emt 0:01:30]} 22. Nxc4 {[%emt 0:07:32]} bxc4 {[%emt 0:00:00]} 23. Qe3 {[%emt 0:00:10]} Bxf6 {[%emt 0:00:00]} 24. Bc3 {[%emt 0:00:20]} axb4 {[%emt 0:01:30]} 25. Bxb4 {[%emt 0:00:51]} Bf5 {[%emt 0:00:30]} 26. Rfd1 {[%emt 0:01:09]} Qb5 {[%emt 0:02:30]} 27. Qc3 {[%emt 0:01:30]} Qa4 {[%emt 0:00:30]} 28. e3 {[%emt 0:01:48]} Qb3 {[%emt 0:01:30]} 29. Qxb3 {[%emt 0:01:02]} cxb3 {[%emt 0:00:30]} 30. Rd2 {[%emt 0:00:22]} Bc2 {[%emt 0:02:30]} 31. Re1 {[%emt 0:01:51]} Bh4 {[%emt 0:03:00]} 32. Rf1 {[%emt 0:00:27]} Bd8 {[%emt 0:00:22]} 33. Rxc2 {[%emt 0:01:07]} bxc2 {[%emt 0:00:30]} 34. Rc1 {[%emt 0:00:00]} Ba5 {[%emt 0:04:51]} 35. Rxc2 {[%emt 0:00:41]} Bxb4 {[%emt 0:00:07]} 36. axb4 {[%emt 0:00:29]} Ra1+ {[%emt 0:00:06]} 37. Bf1 {[%emt 0:00:17]} Rb1 {[%emt 0:00:36]} 38. b5 {[%emt 0:00:49]} cxb5 {[%emt 0:00:11]} 39. c6 {[%emt 0:00:06]} Rc8 {[%emt 0:00:31]} 40. Kf2 {[%emt 0:01:07]} Kf8 {[%emt 0:00:21]} 41. c7 {[%emt 0:00:03]} Ke7 {[%emt 0:00:35]} 42. Rc5 {[%emt 0:00:16]} Kd6 {[%emt 0:00:24]} 43. Bxb5 {[%emt 0:01:07]} Rxc7 {[%emt 0:00:10]} 44. Rxc7 {[%emt 0:00:34]} Kxc7 {[%emt 0:00:30]} 45. Be8 {[%emt 0:00:00]} f6 {[%emt 0:00:28]} 46. Bg6 {[%emt 0:00:00]} Rb2+ {[%emt 0:00:22]} 47. Kf3 {[%emt 0:00:22]} Kd6 {[%emt 0:00:12]} 48. h4 {[%emt 0:00:05]} Ke7 {[%emt 0:02:30]} 49. h5 {[%emt 1:52:45]} f5 {[%emt 1:45:38]} 50. Kg3 {[%emt 0:00:30]} Re2 {[%emt 0:00:30]} 51. Kf3 {[%emt 0:00:30]} Rh2 {[%emt 0:00:30]} 52. Kg3 {[%emt 0:00:30]} Rh1 {[%emt 0:00:30]} 53. Kg2 $19 {[%emt 0:00:30]} Rh4 {[%emt 0:00:30]} 54. Kf3 {[%emt 0:00:30]} Rh3+ {[%emt 0:00:30]} 55. Kf2 {[%emt 0:00:30]} Kf8 {[%emt 0:03:38]} 56. Ke2 {[%emt 0:00:39]} Rg3 {[%emt 0:02:05]} 57. Bh7 {[%emt 0:01:00]} g5 {[%emt 0:00:18]} 58. fxg5 {[%emt 0:01:34]} Rxg5 {[%emt 0:00:55]} 59. Kf3 {[%emt 0:00:30]} Rxh5 {[%emt 0:00:16]} 60. Kf4 {[%emt 0:00:51]} Kg7 {[%emt 0:00:30]} 61. Ke5 {[%emt 0:00:00]} Kxh7 {[%emt 0:00:35]} 62. Kxe6 {[%emt 0:00:00]} Kg7 {[%emt 0:00:02]} 63. Kxd5 {[%emt 0:00:34]} f4+ {[%emt 0:00:13]} 64. Ke4 {[%emt 0:00:12]} fxe3 {[%emt 0:00:30]} 65. Kxe3 {[%emt 0:00:00]} Rh4 {[%emt 0:00:24]} 66. Kd3 {[%emt 0:00:01]} Kf6 {[%emt 0:00:00]} 67. Ke3 {[%emt 0:00:10]} Ke6 {[%emt 0:00:15]} 68. Kd3 {[%emt 0:00:00]} Kd5 {[%emt 0:00:00]} 0-1

[Event "Turkish Cup 2022"]
[Site "Sakarya"]
[Date "2022.03.26"]
[Round "2.47"]
[White "Kayan, Veli"]
[Black "Akar, Erdogan"]
[Result "1-0"]
[WhiteElo "1915"]
[BlackElo "1696"]
[Annotator "TA"]
[PlyCount "223"]
[EventDate "2022.03.25"]
[EventType "swiss"]
[EventCountry "TUR"]
[SourceTitle "playchess.com"]
[Source "ChessBase"]
[SourceQuality "1"]

{[%evp 9,223,4,7,7,16,9,32,0,0,-38,0,0,0,-14,-3,-7,0,-10,48,-5,34,31,25,14,7,8,43,38,82,37,75,88,81,65,64,-14,-1,-74,0,-4,-4,-8,-8,-86,0,0,0,0,0,0,0,0,0,0,0,0,0,0,0,0,2,2,2,2,3,2,3,2,3,0,2,0,10,10,10,0,10,0,0,0,0,0,10,-4,0,0,10,0,7,0,10,10,10,0,10,10,24,-43,-20,-41,0,0,0,0,31,31,31,31,31,31,31,31,46,4,4,4,4,4,4,4,4,4,4,4,4,4,4,4,4,4,4,4,4,4,4,4,4,4,4,4,4,4,4,4,4,4,4,4,4,4,4,4,4,4,4,4,4,4,4,4,4,0,4,4,4,4,4,4,4,4,4,4,4,-67,-16,-109,-103,-166,-187,-170,0,0,0,0,0,0,0,0,0,-268,-264,-256,-170,-375,-375,-375,-375,-375,-375,-545,0,0,0,0,9703,8079,6191,6045,29985,29986,29989,29990,29991,29992,29993,29994]} 1. e4 e6 2. Qe2 c5 3. Nf3 Nc6 4. d3 h6 {[#]} 5. g3 $146 ({Predecessor:} 5. Nc3 Nge7 6. h4 d5 7. exd5 Nxd5 8. Bd2 Be7 9. Ne4 Qb6 10. b3 Nf6 11. c3 Qc7 {½-½ (31) Dunker,L (1384)-Tenninger,J (1489) Verden 2019}) 5... Nge7 6. Bg2 {C00: French: Unusual White 2nd moves.} d5 7. O-O d4 8. a4 {White is slightly better.} e5 9. Nbd2 Ng6 10. Nc4 Be6 11. Ne1 Bxc4 12. dxc4 Bd6 13. Bd2 O-O (13... Nf8 $11) 14. Qh5 (14. f4 $14) 14... Qc7 (14... Re8 {keeps more tension.} 15. Qg4 Re6 16. Nd3 Nf8 17. c3 Nd7) 15. Nd3 Nb4 16. Bxb4 cxb4 17. b3 a6 18. a5 Rfb8 (18... Rfe8 $14) 19. Qg4 (19. Ra4 $16) 19... b5 20. axb6 $1 Rxb6 21. f4 a5 {[%cal Oa5a4]} 22. f5 (22. Ra4 $14) 22... Nf8 $1 $11 {[%cal Oa5a4]} 23. h4 (23. Nf4 $11 exf4 24. e5 Bxe5 25. gxf4 (25. Bxa8 Qa7 $11)) 23... f6 (23... a4 $1 $17) 24. Ra4 Nd7 25. Rfa1 Rba6 26. Bf1 {[#]} (26. Qh5 $11 {keeps the balance.}) 26... Nc5 (26... Nb6 $1 $17 27. R4a2 a4) 27. Nxc5 Bxc5 28. Bd3 Qf7 29. Kg2 Kf8 {[%cal Bg8f8,Bf8e7,Be7d6,Bd6c6,Bc6b6][%mdl 32]} 30. Qd1 Ke7 31. Be2 Kd6 32. Bh5 Qb7 33. Qf3 Kc6 34. Rd1 Kb6 35. Rd3 Qe7 36. Bg6 R6a7 37. Kf2 Rd8 38. Ke2 Rda8 39. Qh5 Rd8 40. Qf3 Rda8 41. Rd1 $1 Rd8 {[%cal Od4d3]} 42. Kd3 Rda8 43. Qh5 Rd8 44. Rda1 Rda8 45. Qd1 Qf8 46. Qg4 Qe7 47. Bh5 Qc7 48. Qg6 Qe7 49. Rh1 Bd6 50. Be2 Bc5 51. Bh5 Bd6 52. Rf1 Bc5 53. g4 ({Better is} 53. Be2 $11) 53... Rd8 54. Rg1 Qf8 (54... Ka6 $15) 55. Rg3 Be7 56. Qf7 Qxf7 57. Bxf7 Rc8 58. Be6 Rcc7 59. Ke2 Rc5 60. Bf7 Rcc7 61. Be8 (61. Kf3 $14 {is superior.}) 61... Rc8 62. Bb5 Rc5 63. Ra1 Ra8 64. Rh1 Ra7 65. Ba4 Rc8 66. Kf3 Rf8 67. Rg2 Rd8 68. Rd1 Rc8 69. Bb5 Rd8 70. Ke2 Rc8 71. Rdg1 Rd8 72. Kd3 Rf8 73. Ba4 Rc7 74. Rg3 Ra7 75. Ke2 Kc5 76. Rh1 Rd8 77. Rd3 Rh8 78. Kf3 Rd8 79. Kg3 Rh8 80. Rh3 Rd8 81. Kg2 Raa8 82. Rdg3 Rd6 83. Rh1 Rad8 84. Rd3 Ra6 85. Kf3 Rad6 86. Bb5 Ra8 87. Ra1 Kb6 88. Ke2 Rdd8 89. Rg3 Ra7 90. Rag1 Raa8 91. g5 (91. Rd1 $11) 91... hxg5 (91... fxg5 $15 92. Kd3 Kc5) 92. hxg5 (92. Rh3 $11) 92... fxg5 $17 93. Rxg5 (93. Rh1 $17) 93... Bxg5 $19 94. Rxg5 $15 {[%mdl 4096] Endgame [#] Black must now prevent Rg6+. KRR-KRB} Rg8 $2 ({Black should play} 94... Rd6 $1 $19 {...Rh8 is the strong threat.} 95. Rxg7 Rh8 96. c5+ Kxc5) 95. Rg6+ $11 Kc7 96. Kd3 Raf8 {aiming for ...Rf6.} 97. Rc6+ Kb7 98. Re6 g5 {[%cal Bg7g5,Bg5g4,Bg4g3,Bg3g2][%mdl 32]} 99. Rxe5 $2 {[%mdl 8192]} (99. Bc6+ $11 Kc7 100. Bd5) 99... g4 $19 {Threatens to win with ...g3.} 100. Re7+ (100. Kxd4 $2 g3 101. Bc6+ Kxc6 $19) 100... Kc8 {Hoping for ...g3.} (100... Kb6 101. Re6+ (101. Kxd4 $2 g3 $19) 101... Kb7 102. c5 $11 (102. Kxd4 $2 g3 $19)) 101. Rh7 $2 ({Don't blunder} 101. Kxd4 $2 g3 102. Bc6 g2 $19) (101. Ba6+ Kb8 102. Rb7+ (102. Kxd4 $2 g3 $19) 102... Ka8 103. Rd7 (103. Kxd4 $2 g3 $19)) 101... g3 102. Rh1 g2 103. Rg1 Rg3+ 104. Kxd4 (104. Kd2 {is a better defense.}) 104... Rfg8 $2 (104... Rh8 $19 105. Ba6+ Kd8) 105. Bc6 $11 Kc7 106. Bd5 Rc3 $2 {[%mdl 8192]} 107. Bxg8 $18 Rxc2 108. f6 {White threatens Bd5 and mate.} Kd7 109. e5 {[%cal Be4e5,Be5e6][%mdl 32] White mates.} Rb2 110. e6+ Ke8 111. Bf7+ Kf8 112. Bh5 {Weighted Error Value: White=0.16 (very precise) /Black=0.13 (very precise)} 1-0

[Event "Turkish Cup 2022"]
[Site "Sakarya"]
[Date "2022.03.26"]
[Round "3.1"]
[White "Yasin, Hur"]
[Black "Yurtseven, Melih"]
[Result "1-0"]
[WhiteElo "1931"]
[BlackElo "2388"]
[Annotator "ChessBase"]
[PlyCount "127"]
[EventDate "2022.03.25"]
[EventType "swiss"]
[EventCountry "TUR"]
[SourceTitle "playchess.com"]
[Source "ChessBase"]
[SourceQuality "1"]
[TimeControl "5400+30"]

1. e4 {[%emt 0:03:00]} c6 {[%emt 0:01:00]} 2. d4 {[%emt 0:00:30]} d5 {[%emt 0:00:30]} 3. e5 {[%emt 0:00:30]} Na6 {[%emt 0:00:00]} 4. c3 {[%emt 0:01:30]} Nc7 {[%emt 0:00:00]} 5. Bd3 {[%emt 0:00:30]} g6 {[%emt 0:00:00]} 6. h4 {[%emt 0:03:30]} Bf5 {[%emt 0:03:00]} 7. h5 {[%emt 0:04:30]} Qd7 {[%emt 0:00:30]} 8. hxg6 {[%emt 0:00:30]} fxg6 {[%emt 0:00:30]} 9. f3 {[%emt 0:04:30]} O-O-O {[%emt 0:01:30]} 10. g4 {[%emt 0:00:30]} Bxd3 {[%emt 0:01:30]} 11. Qxd3 {[%emt 0:00:00]} e6 {[%emt 0:00:30]} 12. Be3 {[%emt 0:01:00]} Qg7 {[%emt 0:04:30]} 13. Nd2 {[%emt 0:02:30]} h5 {[%emt 0:01:30]} 14. O-O-O {[%emt 0:02:30]} hxg4 {[%emt 0:02:30]} 15. Rxh8 {[%emt 0:01:30]} Qxh8 {[%emt 0:00:00]} 16. fxg4 {[%emt 0:00:30]} Bh6 {[%emt 0:13:00]} 17. g5 {[%emt 0:01:30]} Bg7 {[%emt 0:00:30]} 18. Qxg6 {[%emt 0:00:30]} Rf8 {[%emt 0:00:00]} 19. Qd3 {[%emt 0:02:30]} Ne7 {[%emt 0:05:00]} 20. Rf1 {[%emt 0:01:30]} Nf5 {[%emt 0:01:30]} 21. Bf4 {[%emt 0:02:30]} c5 {[%emt 0:02:30]} 22. dxc5 {[%emt 0:11:30]} Bxe5 {[%emt 0:00:30]} 23. Bxe5 {[%emt 0:03:30]} Qxe5 {[%emt 0:00:30]} 24. Ne2 {[%emt 0:00:30]} Qg7 {[%emt 0:03:30]} 25. Rg1 {[%emt 0:06:30]} Qe7 {[%emt 0:00:30]} 26. b4 {[%emt 0:01:30]} e5 {[%emt 0:02:30]} 27. Qh3 {[%emt 0:03:30]} Kb8 {[%emt 0:00:30]} 28. Rf1 {[%emt 0:02:30]} Ng7 {[%emt 0:04:30]} 29. Rxf8+ {[%emt 0:01:30]} Qxf8 {[%emt 0:00:00]} 30. Nf3 {[%emt 0:03:30]} e4 {[%emt 0:17:00]} 31. Ne5 {[%emt 0:03:30]} Ka8 {[%emt 0:00:30]} 32. Qd7 {[%emt 0:02:30]} Nge6 {[%emt 0:03:30]} 33. Nf7 {[%emt 0:03:30]} Kb8 {[%emt 0:06:30]} 34. Nd4 {[%emt 0:03:30]} Nf4 {[%emt 0:19:04]} 35. Kc2 {[%emt 0:03:30]} a6 {[%emt 0:03:07]} 36. c6 {[%emt 0:02:50]} b6 {[%emt 0:02:20]} 37. Qf5 {[%emt 0:02:58]} Ng2 {[%emt 0:01:04]} 38. Qf2 {[%emt 0:03:03]} Ne1+ {[%emt 0:00:19]} 39. Qxe1 {[%emt 0:01:23]} Qxf7 {[%emt 0:00:30]} 40. Qg3 {[%emt 0:00:00]} Qg6 {[%emt 0:00:00]} 41. Kd2 {[%emt 0:01:16]} b5 {[%emt 0:00:00]} 42. Ke3 {[%emt 0:01:29]} Kc8 {[%emt 0:01:51]} 43. Qh3+ {[%emt 0:01:58]} Kb8 {[%emt 0:00:02]} 44. Qh6 {[%emt 0:00:00]} Qg8 {[%emt 0:02:34]} 45. Qf6 {[%emt 0:00:47]} Qc8 {[%emt 0:00:49]} 46. Qf5 {[%emt 0:01:37]} Qh8 {[%emt 0:00:43]} 47. Qg4 {[%emt 0:03:35]} Qh1 {[%emt 0:00:35]} 48. Ne2 {[%emt 0:00:27]} d4+ {[%emt 0:00:44]} 49. Kxd4 {[%emt 0:00:50]} Qd1+ {[%emt 0:00:43]} 50. Kxe4 {[%emt 0:00:15]} Qb1+ {[%emt 0:00:30]} 51. Kf3 {[%emt 0:00:57]} Qg6 {[%emt 0:00:33]} 52. Nd4 {[%emt 0:03:41]} Qd3+ {[%emt 0:00:02]} 53. Kf4 {[%emt 0:00:57]} Qxc3 {[%emt 0:00:15]} 54. Qd7 {[%emt 0:00:26]} Qc1+ {[%emt 0:00:59]} 55. Kf5 {[%emt 0:00:33]} Qf1+ {[%emt 0:00:39]} 56. Kg6 {[%emt 0:00:36]} Qf4 {[%emt 0:00:35]} 57. Nf5 {[%emt 0:01:03]} Qe5 {[%emt 0:00:34]} 58. Qd8+ {[%emt 0:00:23]} Ka7 {[%emt 0:00:34]} 59. Qc8 {[%emt 0:00:10]} Qe6+ {[%emt 0:00:41]} 60. Qxe6 {[%emt 0:00:30]} Nxe6 {[%emt 0:00:00]} 61. Kf6 {[%emt 0:00:11]} Nf4 {[%emt 0:00:00]} 62. g6 {[%emt 0:00:11]} Kb6 {[%emt 0:00:00]} 63. Nd4 {[%emt 0:00:00]} Nh5+ {[%emt 0:00:43]} 64. Ke5 {[%emt 0:00:27]} 1-0

[Event "Turkish Cup 2022"]
[Site "Sakarya"]
[Date "2022.03.26"]
[Round "3.2"]
[White "Koksal, Ege"]
[Black "Ibik, Halit Yavuz"]
[Result "1-0"]
[WhiteElo "2343"]
[BlackElo "1996"]
[Annotator "ChessBase"]
[PlyCount "73"]
[EventDate "2022.03.25"]
[EventType "swiss"]
[EventCountry "TUR"]
[SourceTitle "playchess.com"]
[Source "ChessBase"]
[SourceQuality "1"]
[TimeControl "5400+30"]

1. d4 {[%emt 0:01:00]} d5 {[%emt 0:02:00]} 2. c4 {[%emt 0:00:30]} e6 {[%emt 0:03:30]} 3. Nf3 {[%emt 0:00:30]} Nf6 {[%emt 0:00:30]} 4. g3 {[%emt 0:00:30]} c6 {[%emt 0:00:30]} 5. Qc2 {[%emt 0:00:00]} Be7 {[%emt 0:03:30]} 6. Bg2 {[%emt 0:01:00]} b6 {[%emt 0:01:30]} 7. O-O {[%emt 0:00:30]} O-O {[%emt 0:00:30]} 8. Bf4 {[%emt 0:08:30]} Ba6 {[%emt 0:11:30]} 9. Nbd2 {[%emt 0:01:30]} Nbd7 {[%emt 0:02:30]} 10. Rfd1 {[%emt 0:03:30]} Nh5 {[%emt 0:23:30]} 11. Ne5 {[%emt 0:13:30]} Nxe5 {[%emt 0:04:30]} 12. Bxe5 {[%emt 0:01:30]} f6 {[%emt 0:01:30]} 13. Bf4 {[%emt 0:00:00]} g5 {[%emt 0:05:30]} 14. Be3 {[%emt 0:00:00]} f5 {[%emt 0:02:30]} 15. Qa4 {[%emt 0:04:30]} Bb7 {[%emt 0:01:30]} 16. cxd5 {[%emt 0:00:30]} cxd5 {[%emt 0:00:30]} 17. Nf3 {[%emt 0:00:30]} f4 {[%emt 0:08:30]} 18. Bd2 {[%emt 0:00:30]} a5 {[%emt 0:02:30]} 19. Ne5 {[%emt 0:00:30]} Bd6 {[%emt 0:03:30]} 20. Bh3 {[%emt 0:01:30]} Ng7 {[%emt 0:02:29]} 21. Qd7 {[%emt 0:07:30]} Bxe5 {[%emt 0:12:00]} 22. Bxe6+ {[%emt 0:00:30]} Nxe6 {[%emt 0:01:03]} 23. Qxe6+ {[%emt 0:00:30]} Rf7 {[%emt 0:00:00]} 24. dxe5 {[%emt 0:01:30]} Bc8 {[%emt 0:05:40]} 25. Qh6 {[%emt 0:01:30]} fxg3 {[%emt 0:00:58]} 26. hxg3 {[%emt 0:00:30]} Rg7 {[%emt 0:00:18]} 27. Bc3 {[%emt 0:00:30]} Rg6 {[%emt 0:00:16]} 28. Qh1 {[%emt 0:00:30]} Bb7 {[%emt 0:01:13]} 29. e4 {[%emt 0:00:30]} d4 {[%emt 0:00:12]} 30. Rxd4 {[%emt 0:00:30]} Qe7 {[%emt 0:00:46]} 31. Rad1 {[%emt 0:00:30]} Bc6 {[%emt 0:00:24]} 32. Rd6 {[%emt 0:01:30]} Be8 {[%emt 0:00:36]} 33. Qh3 {[%emt 0:04:30]} g4 {[%emt 0:00:31]} 34. Rxg6+ {[%emt 0:01:30]} Bxg6 {[%emt 0:00:30]} 35. Qxg4 {[%emt 0:00:00]} Rd8 {[%emt 0:00:00]} 36. f4 {[%emt 0:06:00]} Kf8 {[%emt 0:01:09]} 37. f5 {[%emt 0:00:30]} 1-0